| 000 | 00472nam a2200181Ia 4500 | ||
|---|---|---|---|
| 001 | 23921 | ||
| 005 | 20260414151009.0 | ||
| 008 | 260414t2010||||xx |||||||||||||| ||spa|| | ||
| 041 | _aESP | ||
| 082 |
_a720.9852 _bS21 |
||
| 100 |
_aSan Cristóbal Sebastián, Antonio _eAUT |
||
| 245 | 0 |
_aArquitectura de Lima en la segunda mitad del siglo XVII _b |
|
| 260 | _c2010 | ||
| 300 |
_a327 páginas : _c24 cm. |
||
| 650 | _aABD | ||
| 654 | _aCAU | ||
| 942 |
_cLIB _dJUS _fJUS _2ddc _n |
||
| 999 |
_c23921 _d23921 |
||